Tafsir surah Hud (dari Dewan Zulkifli Muhammad) / (Record no. 829)
[ view plain ]
| 000 -LEADER | |
|---|---|
| fixed length control field | nam a22 a 4500 |
| 003 - CONTROL NUMBER IDENTIFIER | |
| control field | AKMAL |
| 005 - DATE AND TIME OF LATEST TRANSACTION | |
| control field | 20170505142658.0 |
| 008 - FIXED-LENGTH DATA ELEMENTS--GENERAL INFORMATION | |
| fixed length control field | 170505s1996 my 00 may d |
| 020 ## - INTERNATIONAL STANDARD BOOK NUMBER | |
| International Standard Book Number | 983990275X: |
| Terms of availability | RM 29.00 |
| 040 ## - CATALOGING SOURCE | |
| Original cataloging agency | AKMAL |
| 082 04 - DEWEY DECIMAL CLASSIFICATION NUMBER | |
| Classification number | 297.1229 ABD |
| 090 ## - LOCALLY ASSIGNED LC-TYPE CALL NUMBER (OCLC); LOCAL CALL NUMBER (RLIN) | |
| Classification number (OCLC) (R) ; Classification number, CALL (RLIN) (NR) | 297.1229 |
| Local cutter number (OCLC) ; Book number/undivided call number, CALL (RLIN) | ABD |
| item location | M |
| 100 ## - MAIN ENTRY--PERSONAL NAME | |
| Personal name | Nik Abdul Aziz Nik Mat, |
| Titles and words associated with a name | Dato', |
| Dates associated with a name | 1931-2015 |
| 9 (RLIN) | 1805 |
| 245 10 - TITLE STATEMENT | |
| Title | Tafsir surah Hud (dari Dewan Zulkifli Muhammad) / |
| Statement of responsibility, etc. | Nik Abdul Aziz Nik Mat |
| 260 ## - PUBLICATION, DISTRIBUTION, ETC. | |
| Place of publication, distribution, etc. | Kota Bharu : |
| Name of publisher, distributor, etc. | Maahad Ad-Dakwah Wal-Imamah, |
| Date of publication, distribution, etc. | 1996 |
| 300 ## - PHYSICAL DESCRIPTION | |
| Extent | vi, 256ms. ; |
| Dimensions | 27cm |
| 599 ## - LOCAL NOTE | |
| Local Note | DALAM PROSES |
| 650 ## - SUBJECT ADDED ENTRY--TOPICAL TERM | |
| Topical term or geographic name entry element | Qur'an |
| General subdivision | Criticism, interpretation, etc. |
| 9 (RLIN) | 1730 |
| 942 ## - ADDED ENTRY ELEMENTS (KOHA) | |
| Source of classification or shelving scheme | |
| Koha item type | Book |
| Withdrawn status | Lost status | Source of classification or shelving scheme | Damaged status | Not for loan | Collection code | Home library | Current library | Shelving location | Date acquired | Inventory number | Total Checkouts | Full call number | Barcode | Date last seen | Price effective from | Koha item type |
|---|---|---|---|---|---|---|---|---|---|---|---|---|---|---|---|---|
| NON-FICTION | AKMAL Melaka | AKMAL Melaka | PINJAMAN | 05.05.2017 | 00469 | 297.1229 ABD | 201701775 | 05.05.2017 | 05.05.2017 | Book | ||||||
| NON-FICTION | AKMAL Melaka | AKMAL Melaka | PINJAMAN | 05.05.2017 | 00537 | 297.122 ABD | 201701779 | 05.05.2017 | 05.05.2017 | Book |
